Mladý polmaratón Čas do otvorenia 6. MS v polmaratóne

Podrobná bibliografia
Hlavný autor: Vrtiš, Ján (Autor)
Médium: Článok
Jazyk:slovenčina
Predmet:

MARC

LEADER 00000nab a2200000 a 4500
001 vtls000896143
003 SK-MaSNL
005 20260303114500.0
008 040720e19971001xo 0 slo
035 |a KE5168 
040 |a KEVKJB  |b slo  |c KEVKJB  |e AACR2 
041 0 |a slo 
044 |a xo  |c SK 
080 |a 796.422.16  |2 1981 
100 1 |a Vrtiš, Ján  |4 aut  |9 877638 
245 1 0 |a Mladý polmaratón  |b Čas do otvorenia 6. MS v polmaratóne 
650 0 7 |a maratón  |2 KEVKJB  |9 22999 
650 0 7 |a maratón  |2 KEVKJB  |9 22999 
650 0 7 |a polmaratón  |2 KEVKJB  |9 883568 
650 0 7 |a majstrovstvá sveta  |2 KEVKJB  |9 449569 
650 0 7 |a príprava organizačná  |2 KEVKJB  |9 873322 
650 0 7 |a informácie  |2 KEVKJB  |9 1285 
651 7 |a Košice (Slovensko)  |2 KEVKJB  |9 18694 
651 7 |a KE,  |2 KEVKJB  |9 877256 
651 7 |a KE,  |2 KEVKJB  |9 877256 
655 7 |a periodikum  |2 snkbucl  |9 29553 
773 0 8 |t Košický večer  |g Roč. 8  |g Roč. 29, č.189, 1.10.1997, s. 12 
852 |a ZVYKNI  |b KIS3GCP 
999 |c 1898511  |d 1900441